Código Orgánico de Tribunales
I tiakina i:
| Hōputu: | Pukapuka |
|---|---|
| Reo: | Pāniora |
| I whakaputaina: |
Santiago
Lexis Nexis
2007
|
| Putanga: | 7a. ed |
| Ngā marau: | |
| Ngā Tūtohu: |
Tāpirihia he Tūtohu
Kāore He Tūtohu, Me noho koe te mea tuatahi ki te tūtohu i tēnei pūkete!
|
MARC
| LEADER | 00000nam a2200000 a 4500 | ||
|---|---|---|---|
| 001 | UCI9449 | ||
| 003 | CL-VaPUC | ||
| 008 | 081120e20070000CL |||||||||||||||||spa|d | ||
| 020 | |a 9562384705 | ||
| 082 | 0 | 4 | |a 347.8301 |b COD |2 21 |
| 245 | 1 | 0 | |a Código Orgánico de Tribunales |
| 250 | |a 7a. ed | ||
| 300 | |a 449 p | ||
| 942 | |c BK | ||
| 945 | |d 20081120 00:00:00 |a rbrito | ||
| 260 | |a Santiago |b Lexis Nexis |c 2007 | ||
| 650 | 0 | |a Código orgánico de tribunales |9 256731 | |
| 650 | 0 | |a Tribunales |9 254872 | |
| 650 | 0 | |a Código de procedimiento civil |9 256305 | |
| 650 | 0 | |a Derecho procesal penal |9 255496 | |
| 583 | |a last modification |c 20081120 00:00:00 |k Rodrigo Vera | ||
| 999 | |c 331985 |d 331983 | ||
| 952 | |0 0 |1 0 |2 ddc |4 0 |6 347_830100000000000_COD_2007 |7 0 |8 FOND_LRYV |9 419294 |a BIBDER |b BIBDER |d 2019-11-22 |i 4498992 |o 347.8301 COD 2007 |p 4498992 |r 2023-01-25 |w 2019-11-22 |y BK_X |k DER | ||